Educational leadership and leadership education in Asia / (Record no. 40852)
[ view plain ]
| 000 -LEADER | |
|---|---|
| fixed length control field | 01166cam a2200289 i 4500 |
| 001 - CONTROL NUMBER | |
| control field | 18554252 |
| 005 - DATE AND TIME OF LATEST TRANSACTION | |
| control field | 20180913135751.0 |
| 008 - FIXED-LENGTH DATA ELEMENTS--GENERAL INFORMATION | |
| fixed length control field | 150406t20142014ph b f100 0 eng |
| 010 ## - LIBRARY OF CONGRESS CONTROL NUMBER | |
| LC control number | 2015321041 |
| 020 ## - INTERNATIONAL STANDARD BOOK NUMBER | |
| International Standard Book Number | 9789715427562 |
| 040 ## - CATALOGING SOURCE | |
| Original cataloging agency | DLC |
| Language of cataloging | eng |
| Transcribing agency | DLC |
| Description conventions | rda |
| Modifying agency | DLC |
| 042 ## - AUTHENTICATION CODE | |
| Authentication code | lcode |
| -- | pcc |
| 043 ## - GEOGRAPHIC AREA CODE | |
| Geographic area code | a-ph--- |
| 111 2# - MAIN ENTRY--MEETING NAME | |
| Meeting name or jurisdiction name as entry element | ELLTA Conference |
| Date of meeting | (2011 : |
| Location of meeting | George Town?, Pulau Pinang, Malaysia) |
| 245 10 - TITLE STATEMENT | |
| Title | Educational leadership and leadership education in Asia / |
| Statement of responsibility, etc | Jamaliah Abdul-Hamid, Narcisa Paredes-Canilao, editors ; Ibrahim Ahmad Bajunid, Muhammad Babur, Roshni Kumari, series editors. |
| 260 ## - PUBLICATION, DISTRIBUTION, ETC. (IMPRINT) | |
| Place of publication, distribution, etc | Quezon City : |
| Name of publisher, distributor, etc | University of the Philippines Press, |
| Date of publication, distribution, etc | 2014. |
| 300 ## - PHYSICAL DESCRIPTION | |
| Extent | xxxi, 360 pages ; |
| Dimensions | 23 cm |
| 504 ## - BIBLIOGRAPHY, ETC. NOTE | |
| Bibliography, etc | Includes bibliographical references. |
| 546 ## - LANGUAGE NOTE | |
| Language note | In English. |
| 650 #0 - SUBJECT ADDED ENTRY--TOPICAL TERM | |
| Topical term or geographic name as entry element | Educational leadership |
| Geographic subdivision | Asia |
| Form subdivision | Congresses. |
| 650 #0 - SUBJECT ADDED ENTRY--TOPICAL TERM | |
| Topical term or geographic name as entry element | Leadership |
| General subdivision | Study and teaching |
| Geographic subdivision | Asia |
| Form subdivision | Congresses. |
| 700 1# - ADDED ENTRY--PERSONAL NAME | |
| Personal name | Hamid, Jamiliah Abdul- |
| 700 1# - ADDED ENTRY--PERSONAL NAME | |
| Personal name | Canilao, Narcisa Paredes- |
| 710 2# - ADDED ENTRY--CORPORATE NAME | |
| Corporate name or jurisdiction name as entry element | University of the Philippines Press. |
| 856 41 - ELECTRONIC LOCATION AND ACCESS | |
| Materials specified | Table of contents only |
| Uniform Resource Identifier | <a href="http://www.loc.gov/catdir/toc/fy16pdf02/2015321041.html">http://www.loc.gov/catdir/toc/fy16pdf02/2015321041.html</a> |
| 942 ## - ADDED ENTRY ELEMENTS (KOHA) | |
| Source of classification or shelving scheme | Library of Congress Classification |
| Item type | Books |
| Withdrawn status | Lost status | Source of classification or shelving scheme | Damaged status | Not for loan | Home library | Current library | Shelving location | Date acquired | Source of acquisition | Cost, normal purchase price | Inventory number | Total Checkouts | Full call number | Barcode | Date last seen | Price effective from | Koha item type | Copy number |
|---|---|---|---|---|---|---|---|---|---|---|---|---|---|---|---|---|---|---|
| Library of Congress Classification | BSOP Library | BSOP Library | Filipiniana | 02/21/2018 | 450.00 | 39453 | LB2944.5 Ed8a 2014 | 00049453 | 02/21/2018 | 02/21/2018 | Books | |||||||
| Library of Congress Classification | BSOP Library | BSOP Library | Filipiniana | 09/13/2018 | UP Press | 450.00 | 42020 | LB2944.5 Ed8a 2014 c.2 | 00053020 | 09/13/2018 | 09/13/2018 | Books | c.2 |
